[Event "DVM U20w 2022"]
[Site "Münster GER"]
[Date "2022.12.27"]
[Round "2"]
[White "Kuran, Olivia"]
[Black "Müller, Riyanna"]
[Result "0-1"]
[Termination "normal"]
[Board "4.3"]
[WhiteElo "1096"]
[BlackElo "1619"]
[WhiteClock "00:10:37"]
[BlackClock "00:14:31"]
[WhiteTeam "Karlsruher SF 1853 2"]
[BlackTeam "SC Landskrone"]
[PlyCount "66"]
[WhiteFideId "16279670"]
[BlackFideId "16287401"]
[EventCountry "GER"]
[EventRounds "7"]
[EventType "team-swiss"]
[EventDate "2022.12.26"]

1. e4 {[%clk 01:30:59]} {[%emt 00:00:03]} d5 {[%clk 01:30:53]} 2. f3 {[%clk
01:29:48]} Nc6 {[%clk 01:28:42]} 3. Nc3 {[%clk 01:27:46]} d4 {[%clk 01:28:39]}
4. Nce2 {[%clk 01:27:53]} e5 {[%clk 01:27:31]} 5. Ng3 {[%clk 01:22:07]} Be6
{[%clk 01:23:25]} 6. Bb5 {[%clk 01:18:50]} Qd7 {[%clk 01:22:32]} 7. d3 {[%clk
01:16:22]} Bd6 {[%clk 01:21:04]} 8. N1e2 {[%clk 01:14:26]} O-O-O {[%clk
01:16:21]} 9. O-O {[%clk 01:11:44]} h5 {[%clk 01:15:58]} 10. f4 {[%clk
01:05:07]} h4 {[%clk 01:14:10]} 11. Nh1 {[%clk 01:05:25]} exf4 12. Nxf4 {[%clk
01:04:36]} Nge7 {[%clk 01:00:36]} {[%emt 00:00:54]} 13. Nxe6 {[%clk 01:03:46]}
{[%emt 00:01:20]} Qxe6 {[%clk 01:00:33]} {[%emt 00:00:33]} 14. Bc4 {[%clk
01:01:48]} {[%emt 00:02:29]} Qe5 {[%clk 00:51:45]} {[%emt 00:09:18]} 15. Bf4
{[%clk 00:55:19]} {[%emt 00:06:59]} Qc5 {[%clk 00:52:00]} {[%emt 00:00:14]} 16.
Bxd6 {[%clk 00:55:28]} {[%emt 00:00:21]} Rxd6 {[%clk 00:51:21]} {[%emt
00:01:08]} 17. Bxf7 {[%clk 00:53:37]} {[%emt 00:02:21]} Ne5 {[%clk 00:45:51]}
{[%emt 00:06:00]} 18. Bh5 {[%clk 00:49:57]} {[%emt 00:04:10]} Kb8 {[%clk
00:41:27]} {[%emt 00:04:54]} 19. Be2 {[%clk 00:47:45]} {[%emt 00:02:42]} Rg6
{[%clk 00:31:16]} {[%emt 00:10:40]} 20. Kf2 {[%clk 00:40:41]} {[%emt 00:07:34]}
h3 {[%clk 00:23:41]} {[%emt 00:08:05]} 21. Rg1 {[%clk 00:38:54]} {[%emt
00:02:17]} Nc4 {[%clk 00:21:18]} {[%emt 00:02:53]} 22. b3 {[%clk 00:34:18]}
{[%emt 00:05:06]} Ne3 {[%clk 00:21:27]} {[%emt 00:00:21]} 23. Qd2 {[%clk
00:28:58]} {[%emt 00:05:51]} hxg2 {[%clk 00:21:02]} {[%emt 00:00:55]} 24. Ng3
{[%clk 00:27:21]} {[%emt 00:02:07]} Rxh2 {[%clk 00:19:58]} {[%emt 00:01:34]}
25. Bf3 {[%clk 00:24:52]} {[%emt 00:02:58]} Qg5 {[%clk 00:19:34]} {[%emt
00:00:54]} 26. Qe1 {[%clk 00:18:32]} {[%emt 00:06:51]} Qxg3 {[%clk 00:19:22]}
{[%emt 00:00:42]} 27. Ke2 {[%clk 00:18:48]} {[%emt 00:00:13]} Qf4 {[%clk
00:14:34]} {[%emt 00:05:18]} 28. Qf2 {[%clk 00:16:59]} {[%emt 00:02:20]} Rf6
{[%clk 00:14:52]} {[%emt 00:00:12]} 29. Rac1 {[%clk 00:11:51]} {[%emt
00:05:38]} Ng4 {[%clk 00:15:03]} {[%emt 00:00:17]} 30. Qxd4 {[%clk 00:10:34]}
{[%emt 00:01:48]} Qxf3 {[%clk 00:15:20]} {[%emt 00:00:13]} 31. Kd2 {[%clk
00:10:37]} {[%emt 00:00:27]} Qf2 {[%clk 00:15:29]} {[%emt 00:00:20]} 32. Qxf2
{[%clk 00:10:50]} {[%emt 00:00:17]} Nxf2 {[%clk 00:14:21]} {[%emt 00:01:38]}
33. Rce1 {[%clk 00:10:37]} {[%emt 00:00:44]} Nh3 {[%clk 00:14:31]} {[%emt
00:00:20]} 0-1

[Event "DVM U20w 2022"]
[Site "Münster GER"]
[Date "2022.12.27"]
[Round "2"]
[White "Hartmann, Hannah"]
[Black "Gietzelt, Magdalena"]
[Result "0-1"]
[Termination "normal"]
[Board "4.4"]
[WhiteElo "1296"]
[BlackElo "1165"]
[WhiteClock "01:19:47"]
[BlackClock "01:24:47"]
[WhiteTeam "SC Landskrone"]
[BlackTeam "Karlsruher SF 1853 2"]
[PlyCount "27"]
[WhiteFideId "16235274"]
[BlackFideId "16298403"]
[EventCountry "GER"]
[EventRounds "7"]
[EventType "team-swiss"]
[EventDate "2022.12.26"]

1. e4 {[%clk 01:30:58]} e5 {[%clk 01:30:55]} 2. Nf3 {[%clk 01:31:25]} Nc6
{[%clk 01:31:17]} 3. Bc4 {[%clk 01:31:54]} Nf6 {[%clk 01:31:34]} 4. Nc3 {[%clk
01:32:06]} Bc5 {[%clk 01:31:16]} 5. d3 {[%clk 01:31:45]} d6 {[%clk 01:29:58]}
6. Bg5 {[%clk 01:31:34]} h6 {[%clk 01:28:29]} 7. Be3 {[%clk 01:31:22]} b6
{[%clk 01:27:58]} 8. O-O {[%clk 01:29:51]} Bg4 {[%clk 01:28:15]} 9. Bb5 {[%clk
01:29:23]} Qd7 {[%clk 01:27:20]} 10. Nd5 {[%clk 01:27:56]} a6 {[%clk 01:25:36]}
11. Bxc5 {[%clk 01:21:21]} axb5 {[%clk 01:24:49]} 12. Nxf6 gxf6 {[%clk
01:25:08]} 13. Be3 {[%clk 01:20:28]} Rg8 {[%clk 01:24:47]} 14. Kh1 {[%clk
01:19:47]} 0-1

[Event "DVM U20w 2022"]
[Site "Münster GER"]
[Date "2022.12.27"]
[Round "2"]
[White "Xie, Kelly"]
[Black "Hafermann, Lara"]
[Result "0-1"]
[Termination "normal"]
[Board "5.2"]
[WhiteElo "966"]
[BlackElo "1414"]
[WhiteClock "00:57:31"]
[BlackClock "01:04:54"]
[WhiteTeam "SV Bad Oldesloe"]
[BlackTeam "SC Borussia Lichtenberg"]
[PlyCount "74"]
[WhiteFideId "34628444"]
[BlackFideId "16298306"]
[EventCountry "GER"]
[EventRounds "7"]
[EventType "team-swiss"]
[EventDate "2022.12.26"]

1. e4 {[%clk 01:30:55]} {[%emt 00:00:02]} b6 {[%clk 01:30:53]} 2. Nc3 {[%clk
01:30:57]} Bb7 {[%clk 01:31:16]} 3. d4 {[%clk 01:31:20]} e6 {[%clk 01:31:42]}
4. Bd3 {[%clk 01:30:57]} Nf6 {[%clk 01:32:03]} 5. Bg5 {[%clk 01:29:49]} h6
{[%clk 01:32:17]} 6. Bxf6 Qxf6 {[%clk 01:32:36]} 7. Nf3 {[%clk 01:29:22]} Bb4
{[%clk 01:32:26]} 8. Qd2 {[%clk 01:27:57]} Nc6 {[%clk 01:31:24]} 9. a3 {[%clk
01:27:26]} Bxc3 {[%clk 01:28:29]} 10. Qxc3 {[%clk 01:27:30]} O-O {[%clk
01:26:50]} 11. O-O {[%clk 01:24:55]} Rac8 {[%clk 01:18:53]} 12. Rad1 {[%clk
01:18:19]} Ne7 {[%clk 01:16:35]} 13. Qd2 {[%clk 01:17:11]} Ng6 {[%clk
01:15:13]} 14. Rfe1 {[%clk 01:13:00]} c5 {[%clk 01:12:38]} 15. c3 {[%clk
01:11:25]} Qf4 {[%clk 01:08:32]} 16. Qxf4 Nxf4 {[%clk 01:08:59]} 17. h3 {[%clk
01:06:37]} f5 {[%clk 01:04:25]} {[%emt 00:00:10]} 18. Kh2 {[%clk 01:02:40]}
{[%emt 00:04:25]} Nxd3 {[%clk 01:04:17]} {[%emt 00:00:39]} 19. Rxd3 {[%clk
01:01:36]} {[%emt 00:01:34]} fxe4 {[%clk 01:04:37]} {[%emt 00:00:11]} 20. Rde3
{[%clk 01:01:02]} {[%emt 00:01:03]} exf3 {[%clk 01:04:56]} {[%emt 00:00:12]}
21. gxf3 {[%clk 00:59:28]} {[%emt 00:02:03]} cxd4 {[%clk 01:04:37]} {[%emt
00:00:50]} 22. cxd4 {[%clk 00:58:25]} {[%emt 00:01:33]} Rxf3 {[%clk 01:04:49]}
{[%emt 00:00:18]} 23. Rxf3 {[%clk 00:58:13]} {[%emt 00:00:43]} Bxf3 {[%clk
01:05:11]} {[%emt 00:00:07]} 24. Kg3 {[%clk 00:57:00]} {[%emt 00:01:43]} Bd5
{[%clk 01:04:51]} {[%emt 00:00:50]} 25. b4 {[%clk 00:56:59]} {[%emt 00:00:30]}
Rc3 {[%clk 01:04:46]} {[%emt 00:00:35]} 26. Re3 {[%clk 00:56:47]} {[%emt
00:00:42]} Rxe3 {[%clk 01:04:46]} {[%emt 00:00:30]} 27. fxe3 {[%clk 00:57:09]}
{[%emt 00:00:07]} Kf7 {[%clk 01:04:32]} {[%emt 00:00:45]} 28. h4 {[%clk
00:57:30]} {[%emt 00:00:09]} g5 {[%clk 01:03:20]} {[%emt 00:01:42]} 29. hxg5
{[%clk 00:57:41]} {[%emt 00:00:19]} hxg5 {[%clk 01:03:48]} {[%emt 00:00:02]}
30. Kg4 {[%clk 00:57:43]} {[%emt 00:00:27]} Kf6 {[%clk 01:03:58]} {[%emt
00:00:20]} 31. a4 {[%clk 00:57:25]} {[%emt 00:00:49]} a5 {[%clk 01:04:06]}
{[%emt 00:00:22]} 32. bxa5 {[%clk 00:57:42]} {[%emt 00:00:13]} bxa5 {[%clk
01:04:30]} {[%emt 00:00:06]} 33. Kg3 {[%clk 00:57:49]} {[%emt 00:00:23]} Bb3
{[%clk 01:04:39]} {[%emt 00:00:21]} 34. e4 {[%clk 00:57:31]} {[%emt 00:00:48]}
Bxa4 {[%clk 01:04:54]} {[%emt 00:00:14]} 35. e5 {[%emt 00:00:27]} Kf5 {[%emt
00:00:17]} 36. Kf3 {[%emt 00:00:11]} Bc6 {[%emt 00:00:24]} 37. Kg3 {[%emt
00:00:07]} a4 {[%emt 00:01:18]} 0-1

[Event "DVM U20w 2022"]
[Site "Münster GER"]
[Date "2022.12.27"]
[Round "2"]
[White "Kessen, Fanny"]
[Black "Yilmaz, Zilan"]
[Result "1-0"]
[Termination "normal"]
[Board "5.3"]
[WhiteElo "1369"]
[BlackElo "696"]
[WhiteClock "01:30:58"]
[BlackClock "01:30:59"]
[WhiteTeam "SC Borussia Lichtenberg"]
[BlackTeam "SV Bad Oldesloe"]
[PlyCount "65"]
[WhiteFideId "16217357"]
[BlackFideId "34640142"]
[EventCountry "GER"]
[EventRounds "7"]
[EventType "team-swiss"]
[EventDate "2022.12.26"]

1. e4 {[%emt 00:00:05]} e5 2. Nf3 Nf6 3. Bc4 Bc5 4. d3 d6 5. O-O O-O 6. c3 c6
7. Re1 Bg4 8. h3 Bh5 9. Nbd2 Re8 10. Nf1 d5 11. exd5 cxd5 12. Bb5 Nc6 13. Ng3
Bg6 14. Bxc6 bxc6 15. Nxe5 Rc8 16. d4 Bd6 17. h4 Be4 18. f3 Bxe5 19. dxe5 Qd6
20. Kh2 Rxe5 21. fxe4 dxe4 22. Qd4 Ng4 23. Kg1 c5 24. Qc4 e3 25. Qxg4 Rce8 26.
Bxe3 Rxe3 27. Rxe3 c4 28. Qd4 Qb8 29. Rxe8 Qxe8 30. Rd1 h6 31. Nf5 f6 32. Qd8
Qxd8 33. Rxd8 {[%clk 01:30:58]} 1-0

[Event "DVM U20w 2022"]
[Site "Münster GER"]
[Date "2022.12.27"]
[Round "2"]
[White "Strübel, Katharina"]
[Black "Duchstein, Anna"]
[Result "0-1"]
[Termination "normal"]
[Board "6.2"]
[WhiteElo "1325"]
[BlackElo "1636"]
[WhiteTeam "SK Lehrte von 1919 e. V."]
[BlackTeam "Schachclub Porta Westfalica 1950"]
[PlyCount "62"]
[WhiteFideId "16284879"]
[BlackFideId "16261372"]
[EventCountry "GER"]
[EventRounds "7"]
[EventType "team-swiss"]
[EventDate "2022.12.26"]

1. e4 d6 2. d4 Nf6 3. Bd3 Nbd7 4. c4 e5 5. d5 c6 6. Nc3 h6 7. Nge2 Be7 8. O-O
Qc7 9. f4 exf4 10. Bxf4 g5 11. Be3 g4 12. Bf2 Nf8 13. Nf4 Bd7 14. Nce2 h5 15.
Bd4 h4 16. g3 hxg3 17. Nxg3 c5 18. Bc3 O-O-O 19. Nfh5 Rxh5 20. Bxf6 Bxf6 21.
Nxh5 Bd4 22. Kh1 Ng6 23. Rxf7 Rh8 24. Ng3 Ne5 25. Rf4 Qd8 26. Nf1 Qg5 27. Qd2
Qh6 28. Be2 g3 29. Bf3 Nxf3 30. Rxf3 Qxd2 31. Nxd2 Rxh2# 0-1

[Event "DVM U20w 2022"]
[Site "Münster GER"]
[Date "2022.12.27"]
[Round "2"]
[White "Daoud, Shahnaz"]
[Black "Dieckmann, Phibie"]
[Result "1-0"]
[Termination "normal"]
[Board "6.4"]
[WhiteElo "1367"]
[BlackElo "1020"]
[WhiteTeam "SK Lehrte von 1919 e. V."]
[BlackTeam "Schachclub Porta Westfalica 1950"]
[PlyCount "75"]
[WhiteFideId "16297750"]
[BlackFideId "34607161"]
[EventCountry "GER"]
[EventRounds "7"]
[EventType "team-swiss"]
[EventDate "2022.12.26"]

1. d4 d5 2. c4 Nf6 3. Nc3 Bf5 4. Bg5 Nc6 5. e3 h6 6. Bh4 e6 7. cxd5 exd5 8. Nf3
Be7 9. Bxf6 Bxf6 10. Qb3 Be4 11. Qxb7 Na5 12. Bb5 Kf8 13. Qa6 c6 14. Bxc6 Nxc6
15. Qxc6 Rb8 16. Nxe4 dxe4 17. Qxe4 Rxb2 18. O-O g6 19. Qd3 Kg7 20. a4 Re8 21.
Rfb1 Rxb1 22. Rxb1 Re7 23. h3 Rc7 24. Qa6 Qd7 25. Qb5 Qc8 26. Qb8 Rc1 27. Kh2
Qc2 28. Rxc1 Qxc1 29. Qxa7 h5 30. Ne5 Bxe5 31. dxe5 g5 32. e6 Qf1 33. Qxf7 Kh6
34. Qf6 Kh7 35. Qxg5 Qe2 36. e7 Qxf2 37. e8=Q Qe2 38. Qeg8# 1-0

[Event "DVM U20w 2022"]
[Site "Münster GER"]
[Date "2022.12.28"]
[Round "4"]
[White "Peglau, Charis"]
[Black "Dietz, Kristin"]
[Result "0-1"]
[Termination "normal"]
[Board "1.1"]
[WhiteElo "2008"]
[BlackElo "1762"]
[WhiteClock "00:01:38"]
[BlackClock "00:40:56"]
[WhiteTeam "Schachzentrum Seeblick e. V."]
[BlackTeam "USV Halle"]
[PlyCount "78"]
[WhiteFideId "16219996"]
[BlackFideId "12993743"]
[EventCountry "GER"]
[EventRounds "7"]
[EventType "team-swiss"]
[EventDate "2022.12.26"]

1. c4 {[%clk 01:30:57]} {[%emt 00:00:03]} Nf6 {[%clk 01:30:52]} {[%emt
00:00:08]} 2. Nf3 {[%clk 01:31:11]} {[%emt 00:00:15]} e6 {[%clk 01:30:45]}
{[%emt 00:00:37]} 3. e3 {[%clk 01:30:49]} {[%emt 00:00:52]} b6 {[%clk
01:30:15]} {[%emt 00:01:01]} 4. b3 {[%clk 01:30:40]} {[%emt 00:00:39]} g6
{[%clk 01:26:05]} {[%emt 00:04:40]} 5. Bb2 {[%clk 01:29:45]} {[%emt 00:01:25]}
Bg7 {[%clk 01:26:27]} {[%emt 00:00:08]} 6. Be2 {[%clk 01:28:25]} {[%emt
00:01:50]} Bb7 {[%clk 01:26:37]} {[%emt 00:00:20]} 7. O-O {[%clk 01:28:32]}
{[%emt 00:00:22]} O-O {[%clk 01:27:00]} {[%emt 00:00:07]} 8. d4 {[%clk
01:28:43]} {[%emt 00:00:20]} d5 {[%clk 01:25:56]} {[%emt 00:01:33]} 9. Qc2
{[%clk 01:23:27]} {[%emt 00:05:46]} Nbd7 {[%clk 01:19:21]} {[%emt 00:07:05]}
10. Nc3 {[%clk 01:11:47]} {[%emt 00:12:10]} c5 {[%clk 01:18:31]} {[%emt
00:01:21]} 11. cxd5 {[%clk 01:07:43]} {[%emt 00:04:34]} exd5 {[%clk 01:08:08]}
{[%emt 00:10:52]} 12. Rfd1 {[%clk 01:02:50]} {[%emt 00:05:23]} Qe7 {[%clk
01:06:28]} {[%emt 00:02:10]} 13. Rac1 {[%clk 01:01:02]} {[%emt 00:02:18]} Rac8
{[%clk 01:06:23]} {[%emt 00:00:36]} 14. Ba3 {[%clk 01:00:27]} {[%emt 00:01:05]}
Rfd8 {[%clk 01:03:28]} {[%emt 00:03:24]} 15. Na4 {[%clk 00:51:24]} {[%emt
00:09:33]} Ne4 {[%clk 01:02:26]} {[%emt 00:01:33]} 16. dxc5 {[%clk 00:45:37]}
{[%emt 00:06:16]} Ndxc5 {[%clk 01:02:12]} {[%emt 00:00:44]} 17. Nxc5 {[%clk
00:44:22]} {[%emt 00:01:45]} bxc5 {[%clk 01:02:07]} {[%emt 00:00:35]} 18. Bb2
{[%clk 00:37:33]} {[%emt 00:07:19]} d4 {[%clk 00:59:32]} {[%emt 00:03:05]} 19.
exd4 {[%clk 00:15:53]} {[%emt 00:22:11]} cxd4 {[%clk 00:59:37]} {[%emt
00:00:25]} 20. Qb1 {[%clk 00:15:32]} {[%emt 00:00:50]} Nc3 {[%clk 00:57:49]}
{[%emt 00:02:18]} 21. Bxc3 {[%clk 00:15:49]} {[%emt 00:00:13]} dxc3 {[%clk
00:57:31]} {[%emt 00:00:48]} 22. Rxd8 {[%clk 00:14:28]} {[%emt 00:01:52]} Rxd8
{[%clk 00:57:50]} {[%emt 00:00:10]} 23. Rd1 {[%clk 00:06:47]} {[%emt 00:08:11]}
Re8 {[%clk 00:55:17]} {[%emt 00:03:03]} 24. Bc4 {[%clk 00:02:12]} {[%emt
00:05:06]} Bxf3 {[%clk 00:50:37]} {[%emt 00:05:09]} 25. gxf3 {[%clk 00:02:41]}
{[%emt 00:00:01]} Qg5 {[%clk 00:50:45]} {[%emt 00:00:22]} 26. Kf1 {[%clk
00:01:26]} {[%emt 00:01:45]} Qf4 {[%clk 00:49:26]} {[%emt 00:01:48]} 27. Kg2
{[%clk 00:01:22]} {[%emt 00:00:36]} Be5 {[%clk 00:49:37]} {[%emt 00:00:19]} 28.
Rh1 {[%clk 00:01:26]} {[%emt 00:00:25]} Qg5 {[%clk 00:48:53]} {[%emt 00:01:14]}
29. Kf1 {[%clk 00:01:51]} {[%emt 00:00:05]} Qd2 {[%clk 00:47:28]} {[%emt
00:01:55]} 30. Qd3 {[%clk 00:00:55]} {[%emt 00:01:27]} Rd8 {[%clk 00:43:39]}
{[%emt 00:04:19]} 31. Qe2 {[%clk 00:00:54]} {[%emt 00:00:31]} Qc1 {[%clk
00:43:09]} {[%emt 00:01:00]} 32. Kg2 {[%clk 00:01:21]} {[%emt 00:00:03]} Qg5
{[%clk 00:43:33]} {[%emt 00:00:07]} 33. Kh3 {[%clk 00:01:44]} {[%emt 00:00:07]}
Rd2 {[%clk 00:42:38]} {[%emt 00:01:25]} 34. Qe1 {[%clk 00:00:53]} {[%emt
00:01:21]} c2 {[%clk 00:42:20]} {[%emt 00:00:48]} 35. Qc1 {[%clk 00:00:46]}
{[%emt 00:00:37]} Bf6 {[%clk 00:41:25]} {[%emt 00:01:24]} 36. Rf1 {[%clk
00:00:52]} {[%emt 00:00:24]} Qh4 {[%emt 00:00:42]} 37. Kg2 {[%clk 00:01:19]}
{[%emt 00:00:01]} Be5 {[%clk 00:40:13]} {[%emt 00:01:33]} 38. h3 {[%clk
00:01:35]} {[%emt 00:00:14]} Qg5 {[%clk 00:40:32]} {[%emt 00:00:10]} 39. Kh1
{[%clk 00:01:38]} {[%emt 00:00:27]} Qf4 {[%clk 00:40:56]} {[%emt 00:00:06]} 0-1

[Event "DVM U20w 2022"]
[Site "Münster GER"]
[Date "2022.12.28"]
[Round "4"]
[White "Voigt, Anastasia"]
[Black "Peglau, Dora"]
[Result "0-1"]
[Termination "normal"]
[Board "1.2"]
[WhiteElo "1825"]
[BlackElo "1869"]
[WhiteClock "00:12:41"]
[BlackClock "00:09:30"]
[WhiteTeam "USV Halle"]
[BlackTeam "Schachzentrum Seeblick e. V."]
[PlyCount "128"]
[WhiteFideId "16235223"]
[BlackFideId "16220005"]
[EventCountry "GER"]
[EventRounds "7"]
[EventType "team-swiss"]
[EventDate "2022.12.26"]

1. e4 {[%clk 01:30:59]} c6 {[%clk 01:30:55]} {[%emt 00:00:05]} 2. d4 {[%clk
01:31:24]} {[%emt 00:00:04]} d5 {[%clk 01:31:22]} {[%emt 00:00:04]} 3. Nc3
{[%clk 01:31:49]} {[%emt 00:00:05]} dxe4 {[%clk 01:31:47]} {[%emt 00:00:05]} 4.
Nxe4 {[%clk 01:32:09]} {[%emt 00:00:10]} Bf5 {[%clk 01:32:13]} {[%emt
00:00:04]} 5. Ng3 {[%clk 01:32:32]} {[%emt 00:00:07]} Bg6 {[%clk 01:32:37]}
{[%emt 00:00:05]} 6. Nf3 {[%clk 01:32:15]} {[%emt 00:00:47]} Nd7 {[%clk
01:33:01]} {[%emt 00:00:06]} 7. c3 {[%clk 01:32:04]} {[%emt 00:00:42]} Ngf6
{[%clk 01:33:07]} {[%emt 00:00:25]} 8. Bc4 {[%clk 01:31:59]} {[%emt 00:00:34]}
e6 {[%clk 01:33:29]} {[%emt 00:00:08]} 9. O-O {[%clk 01:31:59]} {[%emt
00:00:30]} Bd6 {[%clk 01:33:32]} {[%emt 00:00:27]} 10. Re1 {[%clk 01:31:44]}
{[%emt 00:00:45]} O-O {[%clk 01:33:29]} {[%emt 00:00:33]} 11. Nh4 {[%clk
01:31:25]} {[%emt 00:00:49]} Qc7 {[%clk 01:32:58]} {[%emt 00:01:01]} 12. Nxg6
{[%clk 01:31:08]} {[%emt 00:00:48]} hxg6 {[%clk 01:33:23]} {[%emt 00:00:06]}
13. Bd2 {[%clk 01:28:02]} {[%emt 00:03:34]} c5 {[%clk 01:32:52]} {[%emt
00:01:01]} 14. dxc5 {[%clk 01:27:28]} {[%emt 00:01:04]} Nxc5 {[%clk 01:31:29]}
{[%emt 00:01:54]} 15. Qf3 {[%clk 01:21:48]} {[%emt 00:06:09]} Rfd8 {[%clk
01:30:02]} {[%emt 00:01:58]} 16. Rad1 {[%clk 01:20:22]} {[%emt 00:01:54]} Na4
{[%clk 01:28:43]} {[%emt 00:01:50]} 17. Bf1 {[%clk 01:03:29]} {[%emt 00:17:23]}
Bxg3 {[%clk 01:15:43]} {[%emt 00:13:31]} 18. hxg3 {[%clk 01:03:45]} {[%emt
00:00:14]} Nxb2 {[%clk 01:15:38]} {[%emt 00:00:34]} 19. Bf4 {[%clk 01:04:03]}
{[%emt 00:00:11]} Qc6 {[%clk 01:13:09]} {[%emt 00:03:01]} 20. Qxc6 {[%clk
01:00:33]} {[%emt 00:03:59]} bxc6 {[%clk 01:13:38]} {[%emt 00:00:02]} 21. Rd6
{[%clk 00:57:55]} {[%emt 00:03:07]} Rxd6 {[%clk 01:06:30]} {[%emt 00:07:39]}
22. Bxd6 {[%clk 00:58:17]} {[%emt 00:00:08]} Na4 {[%clk 01:02:43]} {[%emt
00:04:14]} 23. c4 {[%clk 00:57:12]} {[%emt 00:01:38]} Rd8 {[%clk 01:01:19]}
{[%emt 00:01:54]} 24. Bf4 {[%clk 00:54:31]} {[%emt 00:03:09]} Kf8 {[%clk
00:56:34]} {[%emt 00:05:17]} 25. a3 {[%clk 00:52:57]} {[%emt 00:02:03]} Ke7
{[%clk 00:51:57]} {[%emt 00:05:08]} 26. Be2 {[%clk 00:51:52]} {[%emt 00:01:34]}
c5 {[%clk 00:43:56]} {[%emt 00:08:30]} 27. Be3 {[%clk 00:42:59]} {[%emt
00:09:23]} Nd7 {[%emt 00:06:57]} 28. Bd1 {[%clk 00:40:48]} {[%emt 00:00:03]}
Nab6 {[%clk 00:36:19]} {[%emt 00:04:18]} 29. Bb3 {[%clk 00:40:17]} {[%emt
00:01:01]} Nc8 {[%clk 00:35:19]} {[%emt 00:01:28]} 30. Ba4 {[%clk 00:39:24]}
{[%emt 00:01:25]} Nd6 {[%clk 00:33:45]} {[%emt 00:02:04]} 31. Bxd7 {[%clk
00:29:04]} {[%emt 00:10:51]} Kxd7 {[%clk 00:33:53]} {[%emt 00:00:22]} 32. Bxc5
{[%clk 00:29:00]} {[%emt 00:00:33]} Nxc4 {[%clk 00:33:55]} {[%emt 00:00:28]}
33. Bxa7 {[%clk 00:28:50]} {[%emt 00:00:40]} Nxa3 {[%clk 00:31:55]} {[%emt
00:02:31]} 34. Rc1 {[%clk 00:26:39]} {[%emt 00:02:41]} Nb5 {[%clk 00:31:20]}
{[%emt 00:01:04]} 35. Be3 {[%clk 00:26:12]} {[%emt 00:00:56]} Ke7 {[%clk
00:27:31]} {[%emt 00:04:19]} 36. Kf1 {[%clk 00:25:06]} {[%emt 00:01:38]} Rd5
{[%clk 00:27:20]} {[%emt 00:00:37]} 37. Ke2 {[%clk 00:21:31]} {[%emt 00:04:08]}
g5 {[%clk 00:24:40]} {[%emt 00:03:10]} 38. Rc4 {[%clk 00:20:40]} {[%emt
00:01:21]} f6 {[%clk 00:23:46]} {[%emt 00:01:25]} 39. g4 {[%clk 00:19:35]}
{[%emt 00:01:35]} Kd6 {[%clk 00:23:16]} {[%emt 00:00:57]} 40. g3 {[%clk
00:17:05]} {[%emt 00:03:03]} e5 {[%clk 00:21:51]} {[%emt 00:01:56]} 41. f3
{[%clk 00:12:02]} {[%emt 00:05:32]} Nd4 {[%clk 00:21:17]} {[%emt 00:01:02]} 42.
Kf2 {[%clk 00:12:08]} {[%emt 00:00:24]} Rc5 {[%clk 00:20:20]} {[%emt 00:01:29]}
43. Rxc5 {[%clk 00:10:13]} {[%emt 00:02:25]} Kxc5 {[%clk 00:20:48]} {[%emt
00:00:02]} 44. Bd2 {[%clk 00:06:34]} {[%emt 00:04:08]} Kc4 {[%clk 00:19:26]}
{[%emt 00:01:53]} 45. Ke3 {[%clk 00:06:37]} {[%emt 00:00:25]} Kd5 {[%clk
00:14:35]} {[%emt 00:05:22]} 46. Bc3 {[%clk 00:05:24]} {[%emt 00:01:42]} g6
{[%clk 00:13:56]} {[%emt 00:01:10]} 47. Bd2 {[%clk 00:04:25]} {[%emt 00:01:25]}
f5 {[%clk 00:11:08]} {[%emt 00:03:22]} 48. gxf5 {[%clk 00:04:31]} {[%emt
00:00:23]} gxf5 {[%clk 00:11:26]} {[%emt 00:00:13]} 49. Bc3 {[%clk 00:02:28]}
{[%emt 00:02:32]} Ne6 {[%clk 00:01:27]} {[%emt 00:10:28]} 50. Bb2 {[%clk
00:28:11]} {[%emt 00:04:47]} g4 {[%clk 00:28:34]} {[%emt 00:03:25]} 51. fxg4
{[%clk 00:24:54]} {[%emt 00:03:47]} fxg4 {[%clk 00:28:26]} {[%emt 00:00:39]}
52. Bc3 {[%clk 00:24:20]} {[%emt 00:01:02]} Nd4 {[%clk 00:28:31]} {[%emt
00:00:24]} 53. Kd3 {[%clk 00:22:57]} {[%emt 00:01:54]} Nf5 {[%clk 00:24:25]}
{[%emt 00:04:35]} 54. Be1 {[%clk 00:21:24]} {[%emt 00:02:05]} Nd6 {[%clk
00:13:59]} {[%emt 00:10:56]} 55. Bc3 {[%clk 00:19:30]} {[%emt 00:02:22]} Nc4
{[%clk 00:13:29]} {[%emt 00:01:02]} 56. Be1 {[%clk 00:18:11]} {[%emt 00:01:48]}
e4 {[%clk 00:10:45]} {[%emt 00:03:14]} 57. Ke2 {[%clk 00:18:30]} {[%emt
00:00:09]} Kd4 {[%clk 00:10:14]} {[%emt 00:01:03]} 58. Bf2 {[%clk 00:18:37]}
{[%emt 00:00:23]} e3 {[%clk 00:10:16]} {[%emt 00:00:28]} 59. Be1 {[%clk
00:18:52]} {[%emt 00:00:15]} Ke4 {[%clk 00:08:43]} {[%emt 00:02:03]} 60. Bc3
{[%clk 00:18:07]} {[%emt 00:01:15]} Nd6 {[%clk 00:08:37]} {[%emt 00:00:32]} 61.
Ba5 {[%clk 00:14:31]} {[%emt 00:04:09]} Nf5 {[%clk 00:08:50]} {[%emt 00:00:18]}
62. Be1 {[%clk 00:13:56]} {[%emt 00:01:04]} Nd4 {[%clk 00:09:08]} {[%emt
00:00:12]} 63. Kf1 {[%clk 00:12:52]} {[%emt 00:01:35]} Kf3 {[%clk 00:09:23]}
{[%emt 00:00:13]} 64. Kg1 {[%clk 00:12:41]} {[%emt 00:00:42]} Nc2 {[%clk
00:09:30]} {[%emt 00:00:23]} 0-1